00492nam a2200157Ia 450000500170000000800410001708200130005810000240007124500250009526000430012030000180016350000350018194200060021695200970022299900150031920250612023102.0240331s9999 xx 000 0 und d bJAYa322 aJayawardane, Kumari 0aKaralikara Bhikshuhu acolombobCentre for Society & Religion a22 p .,( c 2) aA book on Rebellious the monks cL 001040708LaWERCLbWERCLcSSCd2024-03-31l0o 322.1 JAYp1050r2024-03-31w2024-03-31yL c2354d2354